000
00180 a2200097 4500
020
_a
9780673762382
041
_a
spa
100
_a
Greene, Inez
245
_a
Mi perrito
942
_c
BK
999
_c
31937
_d
31935